Actors in Sitcom's Theme Song Grab Bag Quiz Stats

 Plays Quiz not verified by Sporcle

Challenge
Share
Tweet
Embed
Score 0/28 Timer 03:00
0 Plays Today
Sitcom % Correct
FriendsJennifer Aniston
95.5%
FriendsCourteney Cox
85.7%
FriendsLisa Kudrow
84.1%
FriendsDavid Schwimmer
83%
FriendsMatt LeBlanc
82.8%
FriendsMatthew Perry
81.7%
30 RockTina Fey
64.3%
Arrested DevelopmentJason Bateman
62.9%
The OfficeSteve Carell
61%
30 RockAlec Baldwin
51.5%
The OfficeRainn Wilson
48%
30 RockTracy Morgan
47.4%
Arrested DevelopmentPortia de Rossi
45.9%
Arrested DevelopmentMichael Cera
44.3%
Sitcom % Correct
The OfficeJohn Krasinski
42.2%
Arrested DevelopmentWill Arnett
41.1%
The OfficeJenna Fischer
38.2%
Arrested DevelopmentJeffrey Tambor
34.5%
Arrested DevelopmentDavid Cross
31.6%
Arrested DevelopmentJessica Walter
30.2%
30 RockJane Krakowski
30.1%
The OfficeB.J. Novak
29.2%
Arrested DevelopmentTony Hale
28.1%
Arrested DevelopmentAlia Shawkat
23.6%
The OfficeEd Helms
22.5%
30 RockJack McBrayer
17.3%
30 RockJudah Friedlander
16.4%
30 RockScott Adsit
14.9%

You're not logged in!

Compare scores with friends on all Sporcle quizzes.
Join for Free
OR
Log In

You Might Also Like...

Show Comments

Extras

Top Quizzes Today


Score Distribution

Your Account Isn't Verified!

In order to create a playlist on Sporcle, you need to verify the email address you used during registration. Go to your Sporcle Settings to finish the process.

Report this User

Report this user for behavior that violates our Community Guidelines.

Details: